| 000 | 00000nam##2200000za#4500 |
| 001 | 9.697415 |
| 003 | CaOODSP |
| 005 | 20210624235454 |
| 007 | cr ||||||||||| |
| 008 | 150407|2009||||xxc|||||o f|0| 0 eng|d |
| 040 | |aCaOODSP|beng |
| 043 | |an-cn--- |
| 086 | 1 |aH128-1/09-595E-PDF |
| 110 | 1 |aCanada. |bHealth Canada. |bHealthy Environments and Consumer Safety Branch. |
| 245 | 10|aGuidance on controlling corrosion in drinking water distribution systems / |h[electronic resource]|cprepared by the Federal-Provincial-Territorial Committee on Drinking Water of the Federal-Provincial-Territorial Committee on Health and the Environment. |
| 260 | |aOttawa - Ontario : |bHealth Canada. |cJune 2009. |
| 300 | |a92p.|bfigs., references, tables |
| 500 | |aThe catalogue number (H128-1/09-595E) and ISBN (978-1-100-14193-0) for the print edition have been incorrectly copied in this electronic publication. |
| 590 | |a13-06-Supp|b2013-03-19 |
| 690 | 07|aDrinking water|2gcpds |
| 775 | 08|tDocument de conseils sur le contrôle de la corrosion dans les réseaux de distribution d'eau potable / |w(CaOODSP)9.641461 |
| 856 | 40|ahttp://publications.gc.ca|qPDF|s349 KB|uhttps://publications.gc.ca/collections/collection_2013/sc-hc/H128-1-09-595-eng.pdf |
| 986 | |aHC Pub.: 091130 |